| 000 | 00371nam a22001697a 4500 | ||
|---|---|---|---|
| 005 | 20160621104622.0 | ||
| 008 | 160621b xxu||||| |||| 00| 0 eng d | ||
| 020 | _a81-315-0189-2 | ||
| 041 | _aeng | ||
| 082 | _b8679 | ||
| 100 |
_aEvans, james R. _92366 |
||
| 245 | _aTotal Quality | ||
| 260 | _bCongage | ||
| 300 | _a449 | ||
| 650 |
_aManagement _9241 |
||
| 942 | _cBK | ||
| 999 |
_c3348 _d3347 |
||